Flora of Assam (Record no. 499268)

000 -LEADER
fixed length control field 00422cam a22001337a 4500
008 - FIXED-LENGTH DATA ELEMENTS--GENERAL INFORMATION
fixed length control field 180718b xxu||||| |||| 00| 0 eng d
082 ## - DEWEY DECIMAL CLASSIFICATION NUMBER
Classification number YA58x5411 K132/1
100 ## - MAIN ENTRY--PERSONAL NAME
Personal name Kanjilal, U.N.
245 ## - TITLE STATEMENT
Title Flora of Assam
Statement of responsibility, etc. by U.N. Kanjila, P.C. Kanilal and A.Das
260 ## - PUBLICATION, DISTRIBUTION, ETC.
Place of publication, distribution, etc. Calcutta
Name of publisher, distributor, etc. Prabasi Press
Date of publication, distribution, etc.
500 ## - GENERAL NOTE
General note Contents : Library has 1934( v.1), 1938(v.2),1939( v.3),1940(v.4),v.5
700 ## - ADDED ENTRY--PERSONAL NAME
Personal name Das, A
700 ## - ADDED ENTRY--PERSONAL NAME
Personal name Kanilal, P.C.
Holdings
Withdrawn status Lost status Damaged status Not for loan Permanent Location Current Location Date acquired Full call number Barcode Date last seen Price effective from Koha item type
        Indian Institute of Public Administration Indian Institute of Public Administration 2018-08-04 YA58x5411 K132/1 GR2833 2018-08-04 2018-08-04 GR
        Indian Institute of Public Administration Indian Institute of Public Administration 2018-08-04 YA58x5411 K132/1 GR2832 2018-08-04 2018-08-04 GR
        Indian Institute of Public Administration Indian Institute of Public Administration 2018-08-04 YA58x5411 K132/1 GR2831 2018-08-04 2018-08-04 GR
        Indian Institute of Public Administration Indian Institute of Public Administration 2018-08-04 YA58x5411 K132/1 GR2830 2018-08-04 2018-08-04 GR
        Indian Institute of Public Administration Indian Institute of Public Administration 2018-08-04 YA58x5411 K132/1 GR2829 2018-08-04 2018-08-04 GR
        Indian Institute of Public Administration Indian Institute of Public Administration 2018-08-04 YA58x5411 K132/1 GR2828 2018-08-04 2018-08-04 GR

Powered by Koha